Basic english grammar. / (Record no. 109703)
[ view plain ]
| 000 -LEADER | |
|---|---|
| fixed length control field | 00353nam a2200133 a 4500 |
| 005 - DATE AND TIME OF LATEST TRANSACTION | |
| control field | 20140414093847.0 |
| 008 - FIXED-LENGTH DATA ELEMENTS--GENERAL INFORMATION | |
| fixed length control field | 110323s19uu xx uuu eng d |
| 050 ## - LIBRARY OF CONGRESS CALL NUMBER | |
| Classification number | CD 428.2 |
| Item number | Az1 2006 |
| 100 ## - MAIN ENTRY--PERSONAL NAME | |
| Personal name | Azar, Betty Schrampfer |
| 245 ## - TITLE STATEMENT | |
| Title | Basic english grammar. / |
| Statement of responsibility, etc | Betty Schrampfer Azar. |
| 650 ## - SUBJECT ADDED ENTRY--TOPICAL TERM | |
| Topical term or geographic name as entry element | English grammar |
| 942 ## - ADDED ENTRY ELEMENTS (KOHA) | |
| Koha item type | Audio Visual Materials |
| Withdrawn status | Lost status | Damaged status | Home library | Current library | Shelving location | Date acquired | Source of acquisition | Total Checkouts | Full call number | Barcode | Date last seen | Date checked out | Price effective from | Koha item type |
|---|---|---|---|---|---|---|---|---|---|---|---|---|---|---|
| Luxembourg Library | Luxembourg Library | Audio Visual Material Section | 03/23/2011 | 1 | CD 428.2 Az1 2006 | AV1372 | 03/19/2018 | 03/13/2018 | 04/14/2014 | Audio Visual Materials |